01539nam a2200385Ia 4500001000900000003000500009005001700014008004100031010001100072020001800083040000900101082002600110100003900136245016600175250001100341260003900352300001600391500007000407503000800477504003100485590002200516650003600538650003600574650004400610650004400654700004100698700005100739901002600790902000600816905006300822942001500885999001900900952012200919952011201041dia_5142CHAP20251027151117.0220117s1999 xx 000 0 und d a175983 a970-17-0260-3 cCHAP a620.00151535 C43 1999 aChandrupatla, Tirupathi R.9157663 aIntroducción al estudio del elemento finito en ingeniería /c Tirupathi R. Chandrupatla y Ashok D. Belegundu ; traducción José Enrique de la Cera Alonso a2a ed. aMéxico :b Prentice-Hall,c1999 axvi, 462 p. aTítulo original: Introduction to finite elements in engineering aC/e aBibliografía: p. 454-457 aTA347.F5 C43 1999 aEngineering mathematics9153115 aFinite element method 9157664 aMatématicas para ingenieros 9157665 aMétodo de elementos finitos 9146945 aBelegundu, Ashok D., coaut. 9157666 aCera Alonso, José Enrique de la, tr.9157667 a620.00151535 C43 1999 aM a5232271999 mx amq 8222123322spa16 cLIBRO2ddc c175983d175983 00102ddc40708GRALaIA_bIA_c1d2022-01-18f1h Tomo: 1l0pdia_010814r2022-01-18 00:00:00t1w2022-01-18yLIBRO 00102ddc40708GRALaIA_bIA_c1d2022-01-18f1l0pdia_007139r2022-01-18 00:00:00t1w2022-01-18yLIBRO